[Event "2.liga D 2010/2011"]
[Site "Zborov"]
[Date "2011.03.05"]
[Round "8.3"]
[White "Koval, Anton"]
[Black "Kusiak, Matej"]
[Result "0-1"]
[WhiteElo "2156"]
[BlackElo "2085"]
[PlyCount "84"]
[EventDate "2010.10.23"]
[EventRounds "4"]
[EventCountry "SVK"]
[SourceTitle "OM OTB B 201907"]
[Source "Opening Master"]
[SourceDate "2019.07.06"]
[SourceVersion "2"]
[SourceVersionDate "2019.07.06"]
[SourceQuality "1"]

1. e4 c5 2. Nf3 d6 3. d4 cxd4 4. Nxd4 Nf6 5. Nc3 Nc6 6. Be2 e5 7. Nb3 Be6 8.
O-O Be7 9. f4 O-O 10. f5 Bxb3 11. cxb3 Nd4 12. Bd3 d5 13. exd5 Nxd5 14. Nxd5
Qxd5 15. f6 Bc5 16. Kh1 g6 17. Qg4 Rad8 18. Qh4 Rfe8 19. Be4 Qd7 20. Bg5 Ne6
21. Bh6 Qd4 22. Qg4 Nf4 23. Bxb7 Nd3 24. Qxd4 Bxd4 25. g3 e4 26. Ba6 Nf2+ 27.
Kg2 Ng4 28. Bg5 h6 29. Be2 Nxh2 30. Kxh2 hxg5 31. Rad1 Bxb2 32. Kh3 e3 33. Kg4
Rd2 34. Rde1 Bc3 35. Kf3 g4+ 36. Kxg4 Rd4+ 37. Kf3 Bxe1 38. Rxe1 Rd6 39. Bc4
Rxf6+ 40. Ke2 Rf2+ 41. Kd3 Rd2+ 42. Kc3 Rxa2 0-1

[Event "Steinfurt Bezirksliga 1011"]
[Site "Germany"]
[Date "2011.03.05"]
[Round "6.4"]
[White "Welzel, Wilhelm"]
[Black "Schulte, Ralf"]
[Result "0-1"]
[WhiteElo "1518"]
[BlackElo "1722"]
[PlyCount "70"]
[EventDate "2010.10.02"]
[EventType "team-tourn"]
[EventRounds "9"]
[EventCountry "GER"]
[SourceTitle "OM OTB B 201907"]
[Source "Opening Master"]
[SourceDate "2019.07.06"]
[SourceVersion "2"]
[SourceVersionDate "2019.07.06"]
[SourceQuality "1"]

1. e4 c5 2. Nf3 Nc6 3. d4 cxd4 4. Nxd4 Nf6 5. Nc3 d6 6. Be2 e5 7. Nb3 Be7 8.
O-O O-O 9. Kh1 a5 10. Be3 Be6 11. f3 a4 12. Nd2 d5 13. exd5 Nxd5 14. Nxd5 Bxd5
15. c4 Be6 16. Ne4 Qa5 17. Bd2 Qb6 18. Rc1 Rfd8 19. c5 Qxb2 20. Rb1 Qxa2 21.
Rxb7 f5 22. Bb5 fxe4 23. Bxc6 Rxd2 24. Rxe7 Rxd1 25. Rxd1 exf3 26. gxf3 Kf8 27.
Rxe6 Qxe6 28. Bxa8 Qb3 29. Rd7 a3 30. Bd5 Qb1+ 31. Kg2 a2 32. c6 a1=Q 33. Rd8+
Ke7 34. Rd7+ Kf6 35. Rf7+ Kg6 0-1

[Event "ACT ch"]
[Site "Canberra"]
[Date "2011.03.05"]
[Round "2.3"]
[White "Lo, Willis"]
[Black "Bliznyuk, Andrey"]
[Result "1/2-1/2"]
[WhiteElo "1602"]
[BlackElo "2070"]
[PlyCount "119"]
[EventDate "2011.03.05"]
[EventCountry "AUS"]

1. e4 c5 2. Nc3 Nc6 3. Nf3 d6 4. d4 cxd4 5. Nxd4 Nf6 6. Be2 e5 7. Nb3 Be7 8.
O-O O-O 9. f4 exf4 10. Bxf4 Be6 11. Bf3 Ne5 12. Nd5 Rc8 13. c3 Re8 14. Re1 Bf8
15. h3 b5 16. Nd4 a6 17. Kh2 Nc4 18. Qb3 Rc5 19. Ne3 Nd2 20. Qa3 Qc8 21. Nef5
Nxf3+ 22. gxf3 g6 23. Rg1 Kh8 24. Nxd6 Bxd6 25. Bxd6 Rh5 26. Nxe6 Qxe6 27. Rg3
Rh4 28. Qc5 Nh5 29. Rg4 Rxg4 30. hxg4 Nf6 31. e5 Nd7 32. Qd4 Kg8 33. a4 Nxe5
34. Bxe5 Qxe5+ 35. Qxe5 Rxe5 36. axb5 axb5 37. Kg3 Re2 38. Rb1 Kg7 39. f4 Kf6
40. Kf3 Rc2 41. Ke3 Ke6 42. Kd3 Rg2 43. g5 f6 44. gxf6 Kxf6 45. Ke3 Kf5 46. b4
Rg3+ 47. Kd4 Rf3 48. Rc1 Kxf4 49. Kc5 g5 50. Kxb5 g4 51. c4 g3 52. c5 g2 53. c6
Rf1 54. Rc4+ Kg5 55. c7 g1=Q 56. c8=Q Rf5+ 57. Rc5 Qf1+ 58. Kb6 Rxc5 59. Qxc5+
Kg6 60. Qc6+ 1/2-1/2

[Event "OP-01430"]
[Site "LSS"]
[Date "2011.03.05"]
[Round "?"]
[White "Markoja, Johann"]
[Black "Bobrovich, Sergey"]
[Result "1/2-1/2"]
[WhiteElo "2111"]
[BlackElo "2111"]
[PlyCount "55"]
[EventDate "2011.02.28"]
[SourceTitle "LSS to Dec2020"]
[Source "LSS ed TH"]
[SourceDate "2021.01.12"]
[SourceVersion "3"]
[SourceVersionDate "2021.01.12"]
[SourceQuality "1"]

1. e4 c5 2. Nc3 Nc6 3. Nge2 Nf6 4. d4 cxd4 5. Nxd4 d6 6. Be2 e5 7. Nf3 h6 8.
O-O Be7 9. Re1 O-O 10. h3 Be6 11. Bf1 Nb8 12. b3 a6 13. a4 Nbd7 14. Bb2 Rc8 15.
a5 Qc7 16. Nd2 d5 17. exd5 Nxd5 18. Nxd5 Bxd5 19. Bc4 Bc6 20. Ne4 Kh8 21. Qh5
f5 22. Ng3 Bc5 23. Rad1 Rce8 24. Qg6 Nf6 25. Re2 f4 26. Nf5 f3 27. Red2 Re7 28.
Nxe7 1/2-1/2

[Event "11th Mediterranean Flower"]
[Site "Rijeka CRO"]
[Date "2011.03.01"]
[Round "4"]
[White "Ionica, I. (wh)"]
[Black "Bollengier, A. (bl)"]
[Result "1/2-1/2"]
[WhiteElo "2248"]
[BlackElo "2251"]
[PlyCount "32"]
[EventDate "2011.??.??"]

1. e4 c5 2. Nf3 d6 3. d4 cxd4 4. Nxd4 Nf6 5. Nc3 Nc6 6. Be2 e5 7. Nf3 h6 8. O-O
Be7 9. Re1 O-O 10. h3 a6 11. Bf1 Qc7 12. Nd5 Nxd5 13. exd5 Nb8 14. c4 Nd7 15.
a3 a5 16. b3 Rb8 1/2-1/2

[Event "CZE-chT1W 1011"]
[Site "Czechia"]
[Date "2011.02.27"]
[Round "9.6"]
[White "Laube, Milan"]
[Black "Vlasak, Lukas"]
[Result "0-1"]
[WhiteElo "2063"]
[BlackElo "2231"]
[PlyCount "78"]
[EventDate "2010.10.10"]
[EventType "team-tourn"]
[EventRounds "11"]
[EventCountry "CZE"]
[SourceTitle "OM OTB B 201907"]
[Source "Opening Master"]
[SourceDate "2019.07.06"]
[SourceVersion "2"]
[SourceVersionDate "2019.07.06"]
[SourceQuality "1"]

1. e4 c5 2. Nf3 d6 3. d4 cxd4 4. Nxd4 Nf6 5. Nc3 Nc6 6. Be2 e5 7. Nb3 Be7 8.
O-O O-O 9. Bf3 a5 10. Be3 a4 11. Nc1 Be6 12. N1e2 a3 13. b3 Nb4 14. Nb5 d5 15.
exd5 Nbxd5 16. Bxd5 Nxd5 17. Bd2 Bd7 18. Nbc3 Bc6 19. Nxd5 Qxd5 20. f3 Qc5+ 21.
Kh1 e4 22. fxe4 Bxe4 23. Ng3 Bxc2 24. Qf3 Rad8 25. Be3 Qb5 26. Rac1 Bg6 27. Rc7
Rd7 28. Rxd7 Qxd7 29. Rd1 Qe6 30. Bf2 b5 31. Re1 Qd7 32. Rd1 Qc7 33. Qe2 b4 34.
Re1 Bd6 35. Ne4 Bxe4 36. Qxe4 Bxh2 37. Qxb4 Bd6 38. Qc4 Qa5 39. Rd1 Qh5+ 0-1

[Event "Montreal Oasis op"]
[Site "Montreal"]
[Date "2011.02.26"]
[Round "2"]
[White "Cote Lalumiere, Tristan"]
[Black "Dumont, Felix"]
[Result "1/2-1/2"]
[WhiteElo "1851"]
[BlackElo "1998"]
[PlyCount "54"]
[EventDate "2011.02.25"]
[EventType "swiss"]
[EventRounds "5"]
[EventCountry "CAN"]
[SourceTitle "OM OTB B 201907"]
[Source "Opening Master"]
[SourceDate "2019.07.06"]
[SourceVersion "2"]
[SourceVersionDate "2019.07.06"]
[SourceQuality "1"]

1. e4 c5 2. Nf3 d6 3. Nc3 Nc6 4. d4 cxd4 5. Nxd4 Nf6 6. Be2 e5 7. Nb3 Be7 8. g4
a5 9. g5 Nd7 10. a4 O-O 11. h4 Nb4 12. Be3 Nb6 13. Qd2 Be6 14. O-O-O d5 15.
Bxb6 Qxb6 16. exd5 Bf5 17. d6 Rfd8 18. Nd5 Qxd6 19. Nxb4 Qxd2+ 20. Nxd2 Bxb4
21. Nc4 f6 22. gxf6 gxf6 23. Nb6 Rxd1+ 24. Rxd1 Re8 25. Nd5 Rc8 26. Nxb4 axb4
27. Rd2 Kf7 1/2-1/2

[Event "RUS-ch (Women) 1st League 61st"]
[Site "Ivanovo"]
[Date "2011.02.23"]
[Round "3"]
[White "Sazonova, Elena"]
[Black "Charochkina, Daria"]
[Result "1-0"]
[WhiteElo "2162"]
[BlackElo "2314"]
[PlyCount "161"]
[EventDate "2011.02.21"]
[EventType "swiss"]
[EventRounds "9"]
[EventCountry "RUS"]
[SourceTitle "OM OTB B 201907"]
[Source "Opening Master"]
[SourceDate "2019.07.06"]
[SourceVersion "2"]
[SourceVersionDate "2019.07.06"]
[SourceQuality "1"]

1. e4 c5 2. Nf3 d6 3. d4 cxd4 4. Nxd4 Nf6 5. Nc3 Nc6 6. Be2 e5 7. Nf3 h6 8. O-O
Be7 9. Qd3 O-O 10. a3 Be6 11. Rd1 Rc8 12. Be3 a6 13. Nd2 Nd7 14. Nd5 Bg5 15. b4
f5 16. exf5 Bxf5 17. Ne4 Bxe3 18. Nxe3 Bxe4 19. Qxe4 Nf6 20. Bc4+ Kh8 21. Qd3
Nd4 22. c3 b5 23. cxd4 bxc4 24. Qg6 e4 25. d5 Qd7 26. Rac1 c3 27. Nf5 Rc7 28.
Rd4 c2 29. Rd2 Rfc8 30. h3 Rc3 31. Nxh6 gxh6 32. Qxf6+ Kh7 33. a4 R3c4 34. Rd4
Rxd4 35. Qxd4 Qxa4 36. Qxe4+ Kh8 37. Qg6 Rc4 38. Qxh6+ Kg8 39. Qg6+ Kh8 40.
Qxd6 Qb3 41. Qh6+ Kg8 42. d6 Qd3 43. Kh2 Rxb4 44. d7 Rd4 45. Qe3 Qd1 46. Rxc2
Rxd7 47. Rc8+ Kh7 48. Qe5 Qd2 49. Qf6 Qd6+ 50. Qxd6 Rxd6 51. g4 Rd3 52. Ra8 Ra3
53. Kg2 Kg6 54. f3 Ra1 55. h4 Kf6 56. Kg3 a5 57. h5 a4 58. Ra6+ Ke5 59. Ra5+
Ke6 60. Kf4 a3 61. Ra6+ Ke7 62. h6 a2 63. h7 Rh1 64. Rxa2 Kf6 65. g5+ Kg7 66.
Kf5 Rb1 67. g6 Rb5+ 68. Kg4 Rb8 69. Ra6 Kh8 70. f4 Kg7 71. f5 Kh6 72. Re6 Rb4+
73. Kf3 Rb3+ 74. Ke4 Rb8 75. Ke5 Kg7 76. Re7+ Kh8 77. Re6 Kg7 78. Kd6 Kh8 79.
Kd7 Rb7+ 80. Kc8 Re7 81. Rd6 1-0

[Event "Karpacz op-A 4th"]
[Site "Karpacz"]
[Date "2011.02.22"]
[Round "3"]
[White "Jagodzinski, Piotr"]
[Black "Aliavdin, Nikolai"]
[Result "1/2-1/2"]
[WhiteElo "2148"]
[BlackElo "2377"]
[PlyCount "83"]
[EventDate "2011.02.21"]
[EventType "swiss"]
[EventRounds "9"]
[EventCountry "POL"]
[SourceTitle "OM OTB B 201907"]
[Source "Opening Master"]
[SourceDate "2019.07.06"]
[SourceVersion "2"]
[SourceVersionDate "2019.07.06"]
[SourceQuality "1"]

1. e4 c5 2. Nf3 d6 3. d4 cxd4 4. Nxd4 Nf6 5. Nc3 Nc6 6. Be2 e5 7. Nb3 Be7 8. f4
O-O 9. O-O a5 10. a4 Nb4 11. Bf3 Be6 12. f5 Bc4 13. Be2 Qc7 14. g4 d5 15. g5
Nxe4 16. f6 Bd8 17. fxg7 Kxg7 18. Bxc4 Qxc4 19. Qh5 Ra6 20. Rf3 Rg6 21. Nxe4
Qxe4 22. Nc5 Bb6 23. Be3 Qxe3+ 24. Rxe3 Bxc5 25. Qe2 Nxc2 26. Qxc2 Bxe3+ 27.
Kh1 Rxg5 28. Qb3 d4 29. Qxb7 Rg8 30. Qe7 Kh6 31. h3 Rh5 32. Qd6+ Kg7 33. Qd7
Kh8 34. Rf1 f5 35. Rf3 Rhg5 36. Rf1 f4 37. Qf7 h6 38. h4 Rg4 39. Qf6+ Kh7 40.
Qf5+ R8g6 41. Qf7+ Rg7 42. Qf5+ 1/2-1/2

[Event "Karelia-ch"]
[Site "Petrozavodsk"]
[Date "2011.02.22"]
[Round "1"]
[White "Velikodvorskaya, Regina"]
[Black "Ievlev, Andrey A"]
[Result "0-1"]
[WhiteElo "1714"]
[BlackElo "2099"]
[PlyCount "30"]
[EventDate "2011.02.22"]
[EventType "swiss"]
[EventRounds "9"]
[EventCountry "RUS"]
[SourceTitle "OM OTB B 201907"]
[Source "Opening Master"]
[SourceDate "2019.07.06"]
[SourceVersion "2"]
[SourceVersionDate "2019.07.06"]
[SourceQuality "1"]

1. e4 c5 2. Nf3 Nc6 3. d4 cxd4 4. Nxd4 Nf6 5. Nc3 d6 6. Be2 e5 7. Nb3 Be7 8.
O-O O-O 9. Be3 Be6 10. f3 d5 11. exd5 Nxd5 12. Nxd5 Bxd5 13. c4 Be6 14. Bc5
Bxc5+ 15. Nxc5 Qb6 0-1

[Event "CZE-chT2F 1011"]
[Site "Czechia"]
[Date "2011.02.20"]
[Round "8.4"]
[White "Pohludka, Ondrej"]
[Black "Stukner, Simon"]
[Result "1/2-1/2"]
[WhiteElo "2135"]
[BlackElo "2159"]
[PlyCount "126"]
[EventDate "2010.10.17"]
[EventType "team-tourn"]
[EventRounds "11"]
[EventCountry "CZE"]
[SourceTitle "OM OTB B 201907"]
[Source "Opening Master"]
[SourceDate "2019.07.06"]
[SourceVersion "2"]
[SourceVersionDate "2019.07.06"]
[SourceQuality "1"]

1. e4 c5 2. Nf3 Nc6 3. d4 cxd4 4. Nxd4 Nf6 5. Nc3 d6 6. Be2 e5 7. Nxc6 bxc6 8.
Bg5 h6 9. Bh4 Rb8 10. Rb1 Qa5 11. O-O g5 12. Bg3 Be7 13. a3 O-O 14. Qe1 Kh8 15.
Qc1 Nh7 16. Qe3 Be6 17. Kh1 Rb7 18. b4 Qb6 19. Qd2 Qd4 20. Bd3 f5 21. f3 Qb6
22. Bf2 Qd8 23. exf5 Bxf5 24. Bxf5 Rxf5 25. Ne4 Nf8 26. Qd3 Rf7 27. Rbd1 d5 28.
Nc5 Bxc5 29. Bxc5 Qf6 30. Rfe1 Ne6 31. Bd6 Nf4 32. Bxe5 Qxe5 33. Rxe5 Nxd3 34.
Rxd3 a5 35. c3 axb4 36. axb4 Kg7 37. h3 Ra7 38. Re6 Rf6 39. Rde3 Ra3 40. Re7+
Rf7 41. Re8 Kg6 42. Kg1 Ra2 43. Rg8+ Kf5 44. Rge8 Rc2 45. R8e5+ Kg6 46. b5 cxb5
47. Rxd5 Ra7 48. Re6+ Kg7 49. Rxb5 Raa2 50. Rb7+ Kf8 51. Rxh6 Rxg2+ 52. Kf1 Kg8
53. Rg6+ Kf8 54. Rd6 Raf2+ 55. Ke1 Re2+ 56. Kd1 Re8 57. Rf6+ Kg8 58. Rg6+ Kf8
59. h4 Ra8 60. Rb1 Raa2 61. Rxg5 Rad2+ 62. Ke1 Rde2+ 63. Kf1 Ref2+ 1/2-1/2

[Event "Kharkov Rector Cup"]
[Site "Kharkov"]
[Date "2011.02.20"]
[Round "7"]
[White "Onischuk, Vladimir"]
[Black "Ipatov, Alexander"]
[Result "0-1"]
[WhiteElo "2505"]
[BlackElo "2512"]
[PlyCount "80"]
[EventDate "2011.02.14"]
[EventType "tourn"]
[EventRounds "9"]
[EventCountry "UKR"]
[EventCategory "10"]
[SourceTitle "OM OTB B 201907"]
[Source "Opening Master"]
[SourceDate "2019.07.06"]
[SourceVersion "2"]
[SourceVersionDate "2019.07.06"]
[SourceQuality "1"]

1. e4 c5 2. Nf3 d6 3. d4 cxd4 4. Nxd4 Nf6 5. Nc3 Nc6 6. Be2 e5 7. Nf3 h6 8. O-O
Be7 9. Re1 O-O 10. Bc4 a6 11. Be3 b5 12. Bf1 Qc7 13. Nd5 Nxd5 14. exd5 Na5 15.
b3 Bf5 16. c4 bxc4 17. b4 Nb7 18. Nd2 a5 19. b5 c3 20. Nc4 Nc5 21. b6 Qc8 22.
Rc1 c2 23. Qd2 a4 24. f4 f6 25. h3 a3 26. Kh2 Bh7 27. Rxc2 Bxc2 28. Qxc2 Nb7
29. Qg6 Qe8 30. Qg3 Qf7 31. f5 Kh8 32. Qh4 Rfc8 33. Qe4 Bd8 34. Rc1 Qd7 35. Rc3
Na5 36. Qc2 Nxc4 37. Bxc4 Rab8 38. Qd2 Bxb6 39. Bxh6 Ba5 40. Bb5 Bxc3 0-1

[Event "FRA-chT Top 12 (Women) GpA"]
[Site "Bennwihr"]
[Date "2011.02.13"]
[Round "5.3"]
[White "Roos, Louise"]
[Black "Bertrand, Helene"]
[Result "1-0"]
[WhiteElo "1872"]
[BlackElo "1896"]
[PlyCount "59"]
[EventDate "2011.02.11"]
[EventType "team-tourn"]
[EventRounds "5"]
[EventCountry "FRA"]
[SourceTitle "OM OTB B 201907"]
[Source "Opening Master"]
[SourceDate "2019.07.06"]
[SourceVersion "2"]
[SourceVersionDate "2019.07.06"]
[SourceQuality "1"]

1. e4 c5 2. Nf3 d6 3. d4 cxd4 4. Nxd4 Nf6 5. Nc3 Nc6 6. Be2 e5 7. Nb3 Be7 8.
Be3 O-O 9. O-O Be6 10. f4 a5 11. f5 Bc8 12. Bb5 Qc7 13. Qf3 Nb4 14. Rac1 b6 15.
a3 Na6 16. Qg3 Rd8 17. Bh6 g6 18. fxg6 fxg6 19. Rxf6 Bxf6 20. Nd5 Qb7 21. Nxf6+
Kh8 22. Bc4 Bd7 23. Rf1 Bc6 24. Nh5 Rd7 25. Bg7+ Rxg7 26. Nxg7 Qxg7 27. Rf7 Qh6
28. Qf2 Nc5 29. Qf6+ Kg8 30. Rf8# 1-0

[Event "ROM-ch op"]
[Site "Sarata Monteoru"]
[Date "2011.02.13"]
[Round "2"]
[White "Jugaru, Lucian"]
[Black "Doros, Radu Marian"]
[Result "1/2-1/2"]
[WhiteElo "1911"]
[BlackElo "2348"]
[PlyCount "41"]
[EventDate "2011.02.12"]
[EventType "swiss"]
[EventRounds "11"]
[EventCountry "ROU"]
[SourceTitle "OM OTB B 201907"]
[Source "Opening Master"]
[SourceDate "2019.07.06"]
[SourceVersion "2"]
[SourceVersionDate "2019.07.06"]
[SourceQuality "1"]

1. e4 c5 2. Nf3 d6 3. d4 cxd4 4. Nxd4 Nf6 5. Nc3 Nc6 6. Be2 e5 7. Nb3 Be7 8.
O-O O-O 9. f4 a5 10. a4 Nb4 11. Kh1 Bd7 12. Bf3 Bc6 13. Qe2 Qc7 14. g4 d5 15.
exd5 Nfxd5 16. Nb5 Bxb5 17. Qxb5 Rfd8 18. c3 e4 19. Bxe4 Nf6 20. Bf3 Nd3 21.
Be3 1/2-1/2

[Event "SVK-chT1E 1011"]
[Site "Slovakia"]
[Date "2011.02.12"]
[Round "6.6"]
[White "Trebula, Jozef"]
[Black "Jelen, Peter"]
[Result "0-1"]
[WhiteElo "2131"]
[BlackElo "2177"]
[PlyCount "72"]
[EventDate "2010.11.06"]
[EventType "team-tourn"]
[EventRounds "11"]
[EventCountry "SVK"]
[SourceTitle "OM OTB B 201907"]
[Source "Opening Master"]
[SourceDate "2019.07.06"]
[SourceVersion "2"]
[SourceVersionDate "2019.07.06"]
[SourceQuality "1"]

1. e4 c5 2. Nf3 Nc6 3. d4 cxd4 4. Nxd4 Nf6 5. Nc3 d6 6. Be2 e5 7. Nb3 Be7 8.
O-O O-O 9. Kh1 a5 10. a4 Be6 11. f4 Nb4 12. f5 Bc8 13. Bg5 b6 14. Bxf6 Bxf6 15.
Bc4 Bb7 16. Bd5 Qe7 17. Bxb7 Qxb7 18. Qd2 Rac8 19. Nc1 Rfd8 20. Nd3 Rc4 21.
Nxb4 axb4 22. Nd5 Rxe4 23. Nxf6+ gxf6 24. Qh6 Rg4 25. Rf3 Qe7 26. Rh3 Rg7 27.
Rd1 e4 28. Re1 Qe5 29. Qe3 d5 30. Qxb6 Rb8 31. Qa7 Kh8 32. b3 Rbg8 33. Re2 Qxf5
34. Qf2 Rxg2 35. Qxg2 Rxg2 36. Kxg2 Qg4+ 0-1

[Event "ROM-ch op"]
[Site "Sarata Monteoru"]
[Date "2011.02.12"]
[Round "1"]
[White "Deac, Bogdan Daniel"]
[Black "Malureanu, Costin George"]
[Result "0-1"]
[WhiteElo "1651"]
[BlackElo "2138"]
[PlyCount "62"]
[EventDate "2011.02.12"]
[EventType "swiss"]
[EventRounds "11"]
[EventCountry "ROU"]
[SourceTitle "OM OTB B 201907"]
[Source "Opening Master"]
[SourceDate "2019.07.06"]
[SourceVersion "2"]
[SourceVersionDate "2019.07.06"]
[SourceQuality "1"]

1. e4 c5 2. Nf3 Nc6 3. d4 cxd4 4. Nxd4 Nf6 5. Nc3 d6 6. Be2 e5 7. Nb3 Be7 8.
O-O O-O 9. Be3 a5 10. f3 a4 11. Nd2 d5 12. exd5 Nxd5 13. Nxd5 Qxd5 14. Ne4 Qa5
15. Qc1 Kh8 16. Nd2 b5 17. Kh1 f5 18. c4 b4 19. Qc2 Bc5 20. Nb3 axb3 21. axb3
Qxa1 22. Bxc5 Qxf1+ 23. Bxf1 Ra1 24. g3 Rd8 25. Kg2 Nd4 26. Qd2 Bb7 27. Bxd4
exd4 28. Qxb4 Bxf3+ 29. Kf2 Be4 30. Qb6 Raa8 31. Be2 Bc2 0-1

[Event "Uljanovsk Privolje op"]
[Site "Uljanovsk"]
[Date "2011.02.06"]
[Round "9"]
[White "Lukyanov, Artiom"]
[Black "Nozdrin, Alexander V"]
[Result "0-1"]
[WhiteElo "2131"]
[BlackElo "2367"]
[PlyCount "92"]
[EventDate "2011.02.01"]
[EventType "swiss"]
[EventRounds "9"]
[EventCountry "RUS"]
[SourceTitle "OM OTB B 201907"]
[Source "Opening Master"]
[SourceDate "2019.07.06"]
[SourceVersion "2"]
[SourceVersionDate "2019.07.06"]
[SourceQuality "1"]

1. e4 c5 2. Nf3 Nc6 3. d4 cxd4 4. Nxd4 Nf6 5. Nc3 d6 6. Be2 e5 7. Nb3 Be7 8.
O-O O-O 9. Be3 Be6 10. Bf3 a5 11. a3 a4 12. Nd2 Qa5 13. Qe2 Rac8 14. Rac1 Rfe8
15. Nc4 Bxc4 16. Qxc4 Nd4 17. Qxa4 Qxa4 18. Nxa4 Nxc2 19. Bb6 Rc6 20. Be2 Ra8
21. Bb5 Rcc8 22. Rfd1 Nxe4 23. Bd7 Bg5 24. Bxc8 Rxc8 25. Be3 Bxe3 26. fxe3 Rc6
27. Nb6 f5 28. Rd3 Kf7 29. Nd5 Ke6 30. Rcd1 g5 31. Rb3 Rc5 32. Nb4 Rb5 33. Rbd3
Nxb4 34. axb4 Rxb4 35. b3 h5 36. g3 Rb6 37. Rc1 Nc5 38. Rdc3 Rb4 39. Ra1 h4 40.
Kg2 Ne4 41. Rd3 h3+ 42. Kf1 Nc5 43. Rc3 Nxb3 44. Ra8 Nc5 45. Rf8 Rb1+ 46. Ke2
Rb2+ 0-1

[Event "Oberliga Ost-B 1011"]
[Site "Germany"]
[Date "2011.02.06"]
[Round "7.5"]
[White "Klings, Peter"]
[Black "Haakert, Juergen"]
[Result "1/2-1/2"]
[WhiteElo "2180"]
[BlackElo "2381"]
[PlyCount "21"]
[EventDate "2010.10.24"]
[EventType "team-tourn"]
[EventRounds "11"]
[EventCountry "GER"]
[SourceTitle "OM OTB B 201907"]
[Source "Opening Master"]
[SourceDate "2019.07.06"]
[SourceVersion "2"]
[SourceVersionDate "2019.07.06"]
[SourceQuality "1"]

1. e4 c5 2. Nf3 Nc6 3. d4 cxd4 4. Nxd4 Nf6 5. Nc3 d6 6. Be2 e5 7. Nf3 h6 8. O-O
Be7 9. Re1 O-O 10. h3 Be6 11. Bf1 1/2-1/2

[Event "POL-chT3 Mazowiecki"]
[Site "Warsaw"]
[Date "2011.02.06"]
[Round "5.55"]
[White "Szukalski, Antoni"]
[Black "Jarmula, Lukasz"]
[Result "0-1"]
[WhiteElo "1815"]
[BlackElo "1852"]
[PlyCount "68"]
[EventDate "2011.01.09"]
[EventType "team-tourn"]
[EventRounds "10"]
[EventCountry "POL"]
[SourceTitle "OM OTB B 201907"]
[Source "Opening Master"]
[SourceDate "2019.07.06"]
[SourceVersion "2"]
[SourceVersionDate "2019.07.06"]
[SourceQuality "1"]

1. e4 c5 2. Nf3 d6 3. d4 cxd4 4. Nxd4 Nf6 5. Nc3 Nc6 6. Be2 e5 7. Nb3 Be7 8.
Be3 O-O 9. O-O a5 10. a3 Be6 11. Nd2 Rb8 12. f3 d5 13. exd5 Nxd5 14. Nxd5 Bxd5
15. Bd3 f5 16. Qe2 Kh8 17. Kh1 Qc7 18. Rac1 Be6 19. Rfe1 Bf6 20. c3 Ne7 21. Bf4
exf4 22. Qxe6 Rbd8 23. Bc4 Rxd2 24. Rcd1 Qd8 25. Bb3 Rxd1 26. Rxd1 Qc8 27. Rd7
Ng6 28. h3 Ne5 29. Rd6 Qxe6 30. Bxe6 g6 31. Rb6 Rd8 32. Bb3 Bh4 33. Rxb7 Nd3
34. Ba4 Nc5 0-1

[Event "Medimurska CupT"]
[Site "Cakovec"]
[Date "2011.02.06"]
[Round "1"]
[White "Fodor, Ivan"]
[Black "Jaklin, Damir"]
[Result "1/2-1/2"]
[WhiteElo "2066"]
[BlackElo "2007"]
[PlyCount "90"]
[EventDate "2011.02.06"]
[EventType "team-swiss"]
[EventRounds "5"]
[EventCountry "CRO"]
[SourceTitle "OM OTB B 201907"]
[Source "Opening Master"]
[SourceDate "2019.07.06"]
[SourceVersion "2"]
[SourceVersionDate "2019.07.06"]
[SourceQuality "1"]

1. e4 c5 2. Nf3 d6 3. Nc3 Nf6 4. d4 cxd4 5. Nxd4 Nc6 6. Be2 e5 7. Nb3 Be7 8.
O-O O-O 9. Be3 Be6 10. f4 exf4 11. Bxf4 d5 12. exd5 Nxd5 13. Nxd5 Bxd5 14. Kh1
Be4 15. c3 Qxd1 16. Raxd1 Rad8 17. Bc7 Rxd1 18. Rxd1 Rc8 19. Bf4 Rd8 20. Kg1
Rxd1+ 21. Bxd1 Bd5 22. Kf2 f5 23. Nc1 Kf7 24. b3 g5 25. Bd2 f4 26. Bc2 h6 27.
Nd3 Be6 28. g3 fxg3+ 29. hxg3 Bd6 30. a4 Ne5 31. Nxe5+ Bxe5 32. c4 Kf6 33. Be3
a6 34. Be4 b5 35. axb5 axb5 36. cxb5 Bxb3 37. b6 h5 38. b7 Bb8 39. Bd4+ Ke6 40.
Be3 Bd5 41. Bxd5+ Kxd5 42. Bxg5 Kc6 43. Bf4 Ba7+ 44. Kg2 Kxb7 45. Kh3 Bf2
1/2-1/2

[Event "Medellin op 02"]
[Site "Medellin"]
[Date "2011.02.05"]
[Round "5"]
[White "Miranda, Jorge"]
[Black "Gallego Alcaraz, Andres Felipe"]
[Result "0-1"]
[WhiteElo "1936"]
[BlackElo "2388"]
[PlyCount "84"]
[EventDate "2011.02.02"]
[EventType "swiss"]
[EventRounds "7"]
[EventCountry "COL"]
[SourceTitle "OM OTB B 201907"]
[Source "Opening Master"]
[SourceDate "2019.07.06"]
[SourceVersion "2"]
[SourceVersionDate "2019.07.06"]
[SourceQuality "1"]

1. e4 c5 2. Nf3 Nc6 3. d4 cxd4 4. Nxd4 Nf6 5. Nc3 d6 6. Be2 e5 7. Nf3 h6 8. O-O
Be6 9. Bb5 Be7 10. Qe2 Qc7 11. Rd1 a6 12. Ba4 O-O 13. Bb3 Rac8 14. h3 Na5 15.
g4 b5 16. g5 hxg5 17. Nxg5 Bc4 18. Qf3 b4 19. Nd5 Nxd5 20. exd5 Nxb3 21. cxb3
Bb5 22. Qh5 Qc2 23. Bd2 Qf5 24. Qg4 Qxg4+ 25. hxg4 Be2 26. Rdc1 Bxg4 27. Rc4
Be2 28. Rxb4 Rc5 29. Re1 Bd3 30. Rb7 Bf6 31. Rc1 Rxd5 32. Rcc7 Bg6 33. Be3 Rd1+
34. Kh2 Rd3 35. Rd7 d5 36. Bc5 Bxg5 37. Bxf8 Bf4+ 38. Kg2 Be4+ 39. Kf1 Bf3 40.
Bb4 Rd1+ 41. Be1 Bd2 42. Rxf7 Rxe1# 0-1

[Event "Moscow Open E"]
[Site "?"]
[Date "2011.02.05"]
[Round "?"]
[White "Shagdurov, Denis"]
[Black "Pauli, Stanislav"]
[Result "0-1"]
[WhiteElo "1758"]
[BlackElo "2082"]
[PlyCount "84"]
[EventDate "2011.??.??"]
[SourceTitle "OM OTB B 201907"]
[Source "Opening Master"]
[SourceDate "2019.07.06"]
[SourceVersion "2"]
[SourceVersionDate "2019.07.06"]
[SourceQuality "1"]

1. e4 c5 2. Nf3 d6 3. d4 cxd4 4. Nxd4 Nf6 5. Nc3 Nc6 6. Be2 e5 7. Nf3 h6 8. O-O
Be7 9. Re1 O-O 10. Bc4 Bg4 11. h3 Bh5 12. g4 Bg6 13. Nh4 Kh7 14. Nf5 Bxf5 15.
gxf5 Rc8 16. Be3 a6 17. a4 Nb4 18. Bb3 Qd7 19. Qf3 g6 20. fxg6+ fxg6 21. Qg2
Nh5 22. Kh2 Nf4 23. Qg3 Bg5 24. Qg4 Qe7 25. h4 Bxh4 26. Bxf4 exf4 27. Rg1 Qf6
28. Qd7+ Kh8 29. Qh3 Rc5 30. Rg4 Rh5 31. Qf3 Bxf2+ 32. Kg2 Bg3 33. Ne2 Rh2+ 34.
Kg1 h5 35. Rxg3 fxg3 36. Qe3 Qf2+ 37. Qxf2 Rfxf2 38. Nd4 Nc6 39. Nxc6 bxc6 40.
Rd1 h4 41. Rd3 Rfg2+ 42. Kf1 h3 0-1